000 00450nam a2200145Ia 4500
005 20250603145541.0
008 250603s9999 xx 000 0 und d
020 _a9798352808191
050 _aQA 76.73.P98 .L36/
100 _aLandup, David
245 0 _aPractical deep learning for computer vision with python: real solutions to real computer vision problems with tensorflow, keras, and python
260 _c2020
300 _a360 p
942 _cBK
999 _c42183
_d42183